A magyarság őstörténete A Kir. Magyar Pázmány Péter Tudományegyetem Magyarságtudományi Intézete által rendezett előadássorozat /

Elmentve itt :
Bibliográfiai részletek
Szerző: Fettich Nándor
Dokumentumtípus: Cikk
Megjelent: 1943
Sorozat:Délvidéki szemle 2
Kulcsszavak:Őstörténet - magyar
Tárgyszavak:
Online Access:http://acta.bibl.u-szeged.hu/19276
LEADER 00772nab a2200193 i 4500
001 acta19276
005 20251103095509.0
008 161015s1943 hu o 000 hun d
040 |a SZTE Egyetemi Kiadványok Repozitórium  |b hun 
041 |a hun 
100 1 |a Fettich Nándor 
245 1 2 |a A magyarság őstörténete   |h [elektronikus dokumentum] :  |b A Kir. Magyar Pázmány Péter Tudományegyetem Magyarságtudományi Intézete által rendezett előadássorozat /  |c  Fettich Nándor 
260 |c 1943 
300 |a 224-228 
490 0 |a Délvidéki szemle  |v 2 
650 4 |a Bölcsészettudományok 
650 4 |a Történettudomány és régészet 
695 |a Őstörténet - magyar 
856 4 0 |u http://acta.bibl.u-szeged.hu/19276/1/delvideki_szemle_002_224-228.pdf  |z Dokumentum-elérés